000 00549 a2200229 4500
260 _aRome.
711 _d10-14 Mai 1983
711 _cRome.
440 _n295
260 _bFAO.
245 _aRapport de consultation d'Experts sur les stratégies de développement des pêches.
300 _aV-41p.
260 _c1983
130 _lFr.
440 _aFAO, Rapport sur les pêches.
710 _aFAO.
711 _aRapport de consultation d'Experts.
690 _apêche.
020 _a92-5-201408-X
999 _c26755
_d26755